| 000 | 00800nam a22002297a 4500 | ||
|---|---|---|---|
| 003 | UA-OsUOA | ||
| 001 | 54271 | ||
| 007 | ta | ||
| 008 | 20170608b un ||||| |||| 00| 0 ukr d | ||
| 090 |
_a082 _bВ55 |
||
| 942 | _cBK | ||
| 040 |
_aUA-OsUOA _bukr _cUA-OsUOA _dUA-OsUOA |
||
| 245 |
_aВісник Закарпатського художнього інституту _bЗбірник наукових праць _nВипуск 7 |
||
| 300 | _a198 с. | ||
| 955 | _a1 | ||
| 041 | _aukr | ||
| 080 | _a082 | ||
| 260 |
_aУжгород _bЗакарпатський художній інститут _c2014 |
||
| 650 | 7 |
_a08 Видання. Колективні праці _2UDC |
|
| 999 |
_c434390 _d434390 |
||